[Event "Angers op 1st"]
[Site "Angers"]
[Date "2006.05.06"]
[Round "2"]
[White "Pinot, Christophe"]
[Black "Maniere, Alexis"]
[Result "1-0"]
[WhiteElo "2002"]
[BlackElo "1740"]
[PlyCount "79"]
[EventDate "2006.05.06"]
[EventType "swiss"]
[EventRounds "6"]
[EventCountry "FRA"]
[SourceTitle "EXT 2007"]
[Source "ChessBase"]
[SourceDate "2006.11.23"]
[SourceVersion "1"]
[SourceVersionDate "2006.11.23"]
[SourceQuality "1"]

1. d4 e6 2. c4 Nf6 3. Nc3 d5 4. cxd5 exd5 5. Bg5 c6 6. e3 Bd6 7. Qc2 Be6 8. Bd3 Nbd7 9. Nf3 Qc7 10. Bh4 h6 11. Rb1 0-0 12. 0-0 Bg4 13. Bg3 Bxf3 14. gxf3 Bxg3 15. hxg3 Rfe8 16. Rfe1 Rad8 17. b4 Nb6 18. Qb3 Nh7 19. Kg2 Qd7 20. f4 g6 21. a4 Kg7 22. a5 Nc8 23. Na4 Nd6 24. Nc5 Qe7 25. b5 g5 26. bxc6 bxc6 27. Qa4 Rc8 28. Rec1 gxf4 29. exf4 Ne4 30. Bxe4 dxe4 31. Rb7 Rc7 32. Rcb1 Rec8 33. a6 f5 34. Rxc7 Rxc7 35. Rb7 Kf6 36. Qb3 Nf8 37. Qg8 Ng6 38. Rxc7 Qxc7 39. Qe6+ Kg7 40. Qxf5 1-0

[Event "Nogent le Retrou op"]
[Site "Nogent le Retrou "]
[Date "2005.03.26"]
[Round "2"]
[White "Sorel, Olivier"]
[Black "Maniere, Alexis"]
[Result "0-1"]
[WhiteElo "1560"]
[BlackElo "1730"]
[PlyCount "50"]
[EventDate "2005.03.25"]
[EventType "swiss"]
[EventRounds "9"]
[EventCountry "FRA"]
[SourceTitle "EXT 2007"]
[Source "ChessBase"]
[SourceDate "2006.11.23"]
[SourceVersion "1"]
[SourceVersionDate "2006.11.23"]
[SourceQuality "1"]

1. e4 e6 2. Nf3 d5 3. exd5 exd5 4. d4 Nf6 5. Bg5 Bd6 6. Nc3 c6 7. Be2 0-0 8. Qd2 Bf5 9. Nh4 Bg6 10. Nxg6 fxg6 11. 0-0-0 Nbd7 12. h4 b5 13. h5 gxh5 14. Kb1 b4 15. Na4 Qa5 16. b3 Ne4 17. Qc1 Nb6 18. Bd3 Nxa4 19. bxa4 Nc3+ 20. Ka1 Qxa4 21. Qb2 Nxd1 22. Rxd1 Rxf2 23. Rh1 Rxg2 24. Qc1 b3 25. Bxh7+ Kxh7 0-1